| 000 | 00715nam a2200229 a 4500 | ||
|---|---|---|---|
| 999 |
_c3902 _d3902 |
||
| 001 | 3902 | ||
| 003 | BD-JhCC | ||
| 005 | 20180303180219.0 | ||
| 008 | 171119s1987 mul||||| ||a| 000 0 mul d | ||
| 035 | _a(BD-JhCC)3902 | ||
| 040 |
_aBD-JhCC _dBD-JhCC |
||
| 041 | _amul | ||
| 082 |
_a297.1972 _bSAI 1987 |
||
| 100 | _aসাইদ, সাইয়্যেদ আহমদ | ||
| 245 |
_aইসলাম ও খৃস্টবাদ / _cসাইয়্যেদ আহমদ সাইদ |
||
| 260 |
_aঢাকা : _bইসলামিক ফাউন্ডেশন, _c১৯৮৭. |
||
| 300 |
_a16 p. : _c21 cm. |
||
| 650 | _aIslam | ||
| 650 | _aInterfaith Relations | ||
| 942 |
_2ddc _cBK |
||